Beyond Bawa / (Record no. 26525)

000 -LEADER
fixed length control field 01094cam a22002897a 4500
001 - CONTROL NUMBER
control field 15313576
003 - CONTROL NUMBER IDENTIFIER
control field OSt
005 - DATE AND TIME OF LATEST TRANSACTION
control field 20170204145910.0
008 - FIXED-LENGTH DATA ELEMENTS--GENERAL INFORMATION
fixed length control field 080603s2008 nyuae b 001 0 eng d
010 ## - LIBRARY OF CONGRESS CONTROL NUMBER
LC control number 2007904558
020 ## - INTERNATIONAL STANDARD BOOK NUMBER
International Standard Book Number 9780500342381 (hbk.)
035 ## - SYSTEM CONTROL NUMBER
System control number (OCoLC)ocn227814798
040 ## - CATALOGING SOURCE
Original cataloging agency JNA
Transcribing agency JNA
Modifying agency DLC
042 ## - AUTHENTICATION CODE
Authentication code lccopycat
043 ## - GEOGRAPHIC AREA CODE
Geographic area code as-----
050 00 - LIBRARY OF CONGRESS CALL NUMBER
Classification number NA1511
Item number .R63 2008
082 00 - DEWEY DECIMAL CLASSIFICATION NUMBER
Classification number 720.95909/0511
Edition number 22
100 1# - MAIN ENTRY--PERSONAL NAME
Personal name Robson, David G.
245 10 - TITLE STATEMENT
Title Beyond Bawa /
Statement of responsibility, etc. David Robson ; with photographys by Richard Powers.
260 ## - PUBLICATION, DISTRIBUTION, ETC. (IMPRINT)
Place of publication, distribution, etc. New York :
Name of publisher, distributor, etc. Thames & Hudson,
Date of publication, distribution, etc. 2008.
300 ## - PHYSICAL DESCRIPTION
Extent 264 p. :
Other physical details ill. (some col.), plans ;
Dimensions 29 cm.
504 ## - BIBLIOGRAPHY, ETC. NOTE
Bibliography, etc Includes bibliographical references (p. 260-262) and index.
600 10 - SUBJECT ADDED ENTRY--PERSONAL NAME
Personal name Bawa, Geoffrey,
Dates associated with a name 1919-2003.
650 #0 - SUBJECT ADDED ENTRY--TOPICAL TERM
Topical term or geographic name as entry element Architecture
Geographic subdivision Southeast Asia
General subdivision History
Chronological subdivision 21st century.
700 1# - ADDED ENTRY--PERSONAL NAME
Personal name Bawa, Geoffrey,
Dates associated with a name 1919-2003.
906 ## - LOCAL DATA ELEMENT F, LDF (RLIN)
a 7
b cbc
c copycat
d 2
e ncip
f 20
g y-gencatlg
942 ## - ADDED ENTRY ELEMENTS (KOHA)
Source of classification or shelving scheme
Koha item type Hard Covered Materials
Classification part NA 1511 .R63 2008
Holdings
Withdrawn status Lost status Source of classification or shelving scheme Damaged status Not for loan Home library Current library Shelving location Date acquired Source of acquisition Total Checkouts Full call number Barcode Date last seen Price effective from Koha item type
          MACHAKOS UNIVERSITY LIBRARY MACHAKOS UNIVERSITY LIBRARY Technical section 04/02/2017 Donation(B.F.A)   NA 1511 .R63 2008 34248 10/07/2018 04/02/2017 Hard Covered Materials
© Machakos University Library, Along The Highway, Machakos Wote Rd, Machakos, Kenya P.O. Box 136 - 90100 Machakos - Kenya

Tel: ( +254 ) 723 805829 OR Fax : 044-20353 OR Email: library@mksu.ac.ke